Gramática en el primer ciclo de la escuela primaria /
Guardado en:
| Autor Principal: | |
|---|---|
| Formato: | Libro |
| Publicado: |
Buenos Aires :
Plus Ultra,
1979
|
| Materias: | |
| Etiquetas: |
Agregar Etiqueta
Sin Etiquetas, Sea el primero en etiquetar este registro!
|
| LEADER | 00893nam a22002175a 4500 | ||
|---|---|---|---|
| 001 | CEM.cems005607 | ||
| 005 | 20060221000000.0 | ||
| 008 | 130507s1979##################000#0#####d | ||
| 003 | CEMS | ||
| 082 | 0 | 4 | |a 372.6 |
| 100 | 1 | |a Rosetti, Mabel M. de | |
| 245 | 1 | 0 | |a Gramática en el primer ciclo de la escuela primaria / |
| 260 | |a Buenos Aires : |b Plus Ultra, |c 1979 | ||
| 300 | |a 111 p. | ||
| 505 | 0 | |a La gram tica en el primer ciclo de la escuela primaria.-Primer grado: sintaxis.-sintaxis y aspectos f¢nicos y gr ficos.-Morfolog¡a.-El verbo.-Sem ntica.-Segundo grado: Sintaxis.-Morfolog¡a.-El verbo.-Sem ntica.-Apoyos f¢nicos.-Tercer grado: Sintaxis.-Morfolog¡a.-El verbo.-Sem ntica.- | |
| 653 | |a Educacion | ||
| 653 | |a Educacion primaria | ||
| 653 | |a Gramática | ||
| 653 | |a Lenguaje-enseñanza | ||
| 653 | |a Semantica | ||
| 859 | |a CEMS |b BIB. CEMS - 11 de abril |h 372.6 |i R728-2 |p 7983.80 |t Ej.1 | ||
